Score 0/18 Timer 02:30
4 Plays Today
Clue 4-Letter Word % Correct
• _____ Colada ••PIÑA•
99.4%
• Bloody ___•MARY•
95.1%
Type of evergreenPINE
95%
First person possessive wordMINE
91.9%
A heap or stackPILE
91.7%
• ___ Julep ••MINT•
90.3%
Lots and lotsMANY
90.1%
___ Blanc, the tallest of the AlpsMONT
89.4%
A grown up fillyMARE
87.6%
Clue 4-Letter Word % Correct
The ___-Carlton HotelRITZ
85.7%
Tiny arachnidMITE
83.7%
Bull or tom, e.g.MALE
83.1%
Religious ceremonyRITE
82.9%
When doubled, a Tommy James hit songMONY
81.4%
• Moscow ___•MULE•
79.6%
Whine or whimperPULE
71.5%
Pop band: ___ and the TantrumsFITZ
68%
• Gin ___•FIZZ•
67.1%

Today's Daily Dose

Missing Word
1900s A-Z

Word Ladder
Space Firsts

Quick Pick
Salsa

Get the Picture
Body Systems

Remove Ads.
Support Sporcle.
Get the best of Sporcle when you Go Orange. This ad-free experience offers more features, more stats, and more fun while also helping to support Sporcle. Thank you for becoming a member.

You're not logged in!

Compare scores with friends on all Sporcle quizzes.
OR
Log In

Show Comments

Extras

Top Quizzes Today


Score Distribution

Your Account Isn't Verified!

In order to create a playlist on Sporcle, you need to verify the email address you used during registration. Go to your Sporcle Settings to finish the process.

Report this User

Report this user for behavior that violates our Community Guidelines.

Details: